000 00890cam a2200229 4500
008 090401t1992 xxu||||| |||| 00| 0 eng d
020 _a0862972213
035 _a(Sirsi) u10152
041 _aeng
050 _a333.332
110 _aNational Federation of Housing Associations
_9959
245 _aHousing association property valuations: a report to the NFHA`s Valuations Working Party.
260 _aLondon
_bNational Federation of Housing Associati
_c1992
300 _avi,26p. ; 30cm.
350 _a25.5
520 _aThe Valuations Working Party was set up in November 1991 to develop economic housing association property valuation proposals which are acceptable to the accountancy profession and the RICS for balance sheet purposes.
650 _aHOUSING ASSOCIATIONS
650 _aValuation
_96273
690 _aRATING AND VALUATION
942 _n0
948 _c04/03/1997
999 _c86708
_d86708